00456 2200181 4500001002100000005001500021008004100036020002200077035001900099041000700118082001000125090001400135100001400149245004300163260002700206300002900233650001200262INLIS00000000001460620241224114758241224||||||||| | ||| |||| || |  a978-979-29-1237-1 0010-1224014606 aid0 a612.3 a612.3 A-Z0 aArra Rosi00aA-Z Multivitamin Untuk Anak dan Remaja aYogyakartabandic2010 ax + 166 hlm.; 15 x 15 cm 0aNutrisi